Jamais plus la guerre! : relation documenté de la visite de sa sainteté le Pape Paul VI à l'Organisation des Nations Unies le 4 octobre 1965 /

Este documento reune una descripción gráfica de la visita histórica que realizara el Papa Paulo VI a Nueva York, el día 4 de octubre de 1965, por invitación de la ONU que conmemoraba su 20 aniversario. Una breve visita de catorce horas, pero una fecha histórica, pues el Papa se presentó en la sede d...

Popoln opis

Shranjeno v:
Bibliografske podrobnosti
Autores corporativos: Iglesia Católica. Papa (1963-1978 : Paulo VI), Iglesia Católica. Papa (1958-1963 : Juan XXIII)
Format: Knjiga
Jezik:francoščina
Izdano: París, Francia : ONU, 1965
Teme:
Oznake: Označite
Brez oznak, prvi označite!

MARC

LEADER 00000nam^a2200000^a^4500
001 000182337
005 20250521000000.0
009 20260310102003.882
037 |a Acervo ITESO - Biblioteca 
041 |a FRA 
082 |a 262. 91  |b PAU VIA EUA 1965 
110 |a Iglesia Católica.  |b Papa (1963-1978 : Paulo VI) 
240 1 1 |a [Pacem in terris] 
240 1 1 |a [Encíclicas papales] 
240 1 1 |a [Declaración universal de los derechos humanos] 
240 1 1 |a [Visitas papales a Estados Unidos] 
245 1 0 |a Jamais plus la guerre! :  |b relation documenté de la visite de sa sainteté le Pape Paul VI à l'Organisation des Nations Unies le 4 octobre 1965 /  |c Papa Paulo VI. 
246 2 |a Título en la cubierta: Jamais plus la guerre: Paul VI a l'ONU 
264 1 |a París, Francia :  |b ONU,  |c 1965 
300 |a 112 p. 
336 |a texto  |b txt  |2 rdacontenido 
337 |a sin mediación  |b n  |2 rdamedio 
338 |a volumen  |b nc  |2 rdasoporte 
520 |a Este documento reune una descripción gráfica de la visita histórica que realizara el Papa Paulo VI a Nueva York, el día 4 de octubre de 1965, por invitación de la ONU que conmemoraba su 20 aniversario. Una breve visita de catorce horas, pero una fecha histórica, pues el Papa se presentó en la sede de la Naciones Unidas y dirigió a la asamblea general un discurso en el que invitó a tomar conciencia de la importancia de construir la paz en el mundo y entre las naciones. También celebró una misa multitudinaria en el Yankee Stadium. La obra incluye la encíclica Pacem in terris, del Papa Juan XXIII y la Declaración universal de los derechos del hombre, adoptado por la ONU en 1948. 
649 |a XX 
650 |a Papas -  |x Discursos 
650 |a Ministros Religiosos Italianos -  |x Discursos 
650 |a Religiosos Italianos -  |x Discursos 
650 |a Santos Italianos -  |x Discursos 
650 |a Iglesia Católica en EUA -  |x Historia -  |y 1963-1969 -  |x Tema Principal 
650 |a Iglesia Católica en EUA -  |x Historia -  |y Siglo XX 
650 |a Iglesia Católica -  |x Historia -  |y Papa, 1963-1978 (San Paulo VI) -  |x Tema Principal 
650 |a Iglesia Católica -  |x Historia -  |y Siglo XX 
650 |a Iglesia Católica -  |x Historia -  |x Documentos 
650 |a Derechos Humanos -  |x Documentos 
650 |a Pacifismo -  |x Tema Principal 
650 |a Guerra Fría -  |x Historia 
650 |a Encíclicas 
650 |a Documentos Pontificios 
650 |a Visitas Papales -  |z Nueva York, EUA -  |x Historia -  |y 1963-1969 -  |x Tema Principal 
650 |a Visitas Papales -  |z Nueva York, EUA -  |x Historia -  |y Siglo XX 
650 |a Visitas Papales -  |z EUA -  |x Historia -  |y 1963-1969 
650 |a Visitas Papales -  |z EUA -  |x Historia -  |y Siglo XX 
650 |a Visitas Pastorales -  |z Nueva York, EUA -  |x Historia -  |y 1963-1969 
650 |a Visitas Pastorales -  |z Nueva York, EUA -  |x Historia -  |y Siglo XX 
650 |a Visitas Pastorales -  |z EUA -  |x Historia -  |y 1963-1969 
650 |a Visitas Pastorales -  |z EUA -  |x Historia -  |y Siglo XX 
650 |a Catolicismo -  |z EUA -  |x Historia -  |y 1963-1969 
650 |a Catolicismo -  |z EUA -  |x Historia -  |y Siglo XX 
650 |a Cristianismo -  |z EUA -  |x Historia -  |y 1963-1969 
650 |a Cristianismo -  |z EUA -  |x Historia -  |y Siglo XX 
650 |a Cristianismo y Política -  |x Historia -  |y 1960-1969 
650 |a Cristianismo y Política -  |x Historia -  |y 1945-1989 
650 |a Cristianismo y Política -  |x Historia -  |y Siglo XX 
650 |a Política y Religión -  |x Historia -  |y 1960-1969 
650 |a Política y Religión -  |x Historia -  |y 1945-1989 
650 |a Política y Religión -  |x Historia -  |y Siglo XX 
650 |a Política Internacional -  |x Historia -  |y 1960-1969 
650 |a Política Internacional -  |x Historia -  |y 1945-1989 
650 |a Política Internacional -  |x Historia -  |y Siglo XX 
650 |a Etica Cristiana 
650 |a Etica y Religión 
650 |a Religión -  |z EUA -  |x Historia -  |y 1963-1969 
650 |a Religión -  |z EUA -  |x Historia -  |y Siglo XX 
650 |a Paulo VI, Santo -  |x Tema Principal 
650 |a ONU -  |x Historia -  |y Siglo XX 
710 |a Iglesia Católica.  |b Papa (1958-1963 : Juan XXIII) 
740 0 |a Encyclique Pacem in terris du Pape Jean XXIII /  |c Papa Juan XXIII. 
740 0 |a Déclaration universelle des Droits de l'homme des Nations Unies / 
910 |a Fondo General 
920 |a Impresos - Libros 
930 |a Colección General 
905 |a 101 
901 |a 0500122239  |b IT1  |c ACC  |u 20250521 
902 |a https://opac.biblio.iteso.mx/vufind/Record/000182337